000 00414nam a2200205Ia 4500
003 IT-RoPAU
008 120407s9999 xx 000 0 und d
040 _aIT-RoPAU
040 _cIT-RoPAU
041 _aita
100 _aLuigi Orione
245 _aLettere.
250 _aRoma
260 _aOpera Divina Provvidenza
260 _c1969
300 _c15 cm
490 _v2
942 _cBK
999 _c13885
_d13885